Escudos de municipios de Navarra - Estadísticas

Estadísticas generales
  • Esta prueba ha sido intentada 1.216 veces
    1.185 desde el último reinicio
  • La puntuación promedio es 6 de 15
Estadísticas de respuestas
Imagen Respuesta % Correcto
Alsasua / Altsasu
100%
Barañain
100%
Barásoain
100%
Basaburúa Mayor
100%
Baztán / Valcarlos / Luzaide / Zugarramurdi
100%
Burguete / Auritz
100%
Burlada / Burlata
100%
Carcastillo
100%
Cascante
100%
Esteríbar
100%
Ezcabarte
100%
Guesálaz
100%
Oláibar
100%
Pamplona / Iruña
100%
San Martín de Unx
100%
Sansol
100%
Sartaguda
100%
Tudela
100%
Urdax
100%
Valle de Aézcoa
100%
Valle del Roncal
100%
Valle de Salazar
100%
Villava / Atarrabia
100%
Aranguren
83%
Beriáin
83%
Corella
83%
Sesma
83%
Estella
80%
Huarte
80%
Peralta
80%
Romanzado
80%
Aguilar de Codés
75%
Artajona
75%
Erro
75%
Valle de Egüés / Eguesibat
75%
Mendigorría
71%
Tafalla
71%
Abáigar
67%
Ansoáin / Berrioplano
67%
Aoiz / Agoitz
67%
Araquil / Arakil / Irurzun / Irurtzun
67%
Aras
67%
Dicastillo
67%
Donamaría
67%
Eslava
67%
Eulate
67%
Fontellas
67%
Huarte-Araquil
67%
Lanz / Lantz
67%
Lerín
67%
Lezáun
67%
Torres del Río
67%
Andosilla
60%
Bacáicoa / Bakaiku
60%
Betelu
60%
Leiza / Leitza
60%
Urroz-Villa
60%
Villafranca
60%
Petilla de Aragón
57%
Sangüesa / Zangoza
57%
Santacara
57%
Urraúl Alto
57%
Aibar / Oibar
50%
Allo
50%
Arbizu
50%
Arróniz
50%
Azagra
50%
Belascoáin
50%
Bértiz-Arana
50%
Buñuel
50%
Cadreita
50%
Caparroso
50%
Cáseda
50%
Castejón
50%
Castillo Nuevo
50%
Cizur
50%
Cortes
50%
Echarri-Aranaz
50%
Echauri
50%
Elgorriaga
50%
Ergoyena
50%
Espronceda
50%
Fitero
50%
Fustiñana
50%
Galar
50%
Iza
50%
Lana
50%
Legarda
50%
Lodosa
50%
Los Arcos
50%
Lumbier
50%
Luquin
50%
Mañeru
50%
Marcilla
50%
Mirafuentes
50%
Monteagudo
50%
Murchante
50%
Odieta
50%
Orísoain
50%
Puente la Reina / Gares
50%
San Adrián
50%
Úcar
50%
Ulzama / Ultzama
50%
Valtierra
50%
Javier
43%
Larráun
43%
Roncesvalles
43%
Urroz de Santesteban
43%
Añorbe
40%
Aranáz / Arantza / Echalar / Etxalar / Lesaca / Lesaka
40%
Atez / Ollo/ Mendaza
40%
Ayegui / Aiegi
40%
Berbinzana
40%
Ibargoiti
40%
Liédena
40%
Valle de la Burunda
40%
Arce / Artzi
33%
Arellano
33%
Ciriza
33%
Genevilla
33%
Goñi
33%
Irañeta
33%
Lecumberri / Lekumberri
33%
Mendavia
33%
Milagro
33%
Mues
33%
Murillo el Cuende
33%
Torralba del Río
33%
Ujué
33%
Unciti
33%
Valle de Yerri / Deierri
33%
Viana
33%
Villamayor de Monjardín
33%
Villatuerta
33%
Zubieta
33%
Barillas
29%
Cirauqui
29%
Abárzuza / Abartzuza
25%
Ablitas
25%
Arruazu
25%
Beire
25%
Cabanillas
25%
Cárcar
25%
Cendea de Olza / Oltza Cendea
25%
Cintruénigo
25%
Erasun
25%
Lizoáin
25%
Morentin
25%
Orcoyen / Orkoien
25%
Oroz-Betelu
25%
Piedramillera
25%
Pitillas
25%
Ribaforada
25%
Vera de Bidasoa / Bera / Yanci / Igantzi
25%
Obanos
22%
Areso
20%
Berriozar
20%
Enériz
20%
Falces
20%
Izagaondoa
20%
Leoz / Leotz
20%
Sumbilla
20%
Uterga
20%
Navascués / Nabaskoze
14%
Aberin
0%
Adiós
0%
Allín
0%
Améscoa Baja
0%
Ancín / Antzin
0%
Anue / Salinas de Oro
0%
Araiz / Araitz
0%
Aranarache / Aranaratxe / Larraona
0%
Arano
0%
Arguedas
0%
Armañanzas
0%
Artazu / Cabredo / Olóriz / Metauten / Ezprogui / Guirguillano / Saldías / Unzué
0%
Azuelo
0%
Barbarin
0%
Bargota / Pueyo / Tulebras
0%
Beinza-Labayen
0%
Biurrun-Olcoz
0%
Desojo
0%
Echarri
0%
El Busto
0%
Etayo
0%
Ezcurra
0%
Funes
0%
Gallipienzo
0%
Garínoain
0%
Imoz
0%
Ituren
0%
Juslapeña
0%
Lacunza / Lakuntza
0%
Lapoblación
0%
Larraga
0%
Lazagurría
0%
Leache
0%
Legaria
0%
Lerga
0%
Lónguida / Longida
0%
Marañón
0%
Mélida / Sorlada
0%
Monreal
0%
Murieta
0%
Murillo el Fruto
0%
Muruzábal
0%
Nazar
0%
(Noáin) Valle de Elorz / Elortzibar
0%
Oco
0%
Oiz / Oitz
0%
Olejua
0%
Oteiza
0%
Sada
0%
Tiebas-Muruarte de Reta
0%
Tirapu
0%
Urraúl Bajo
0%
Vidaurreta / Bidaurreta
0%
Yesa
0%
Zabalza / Zabaltza
0%
Zizur Mayor / Zizur-Nagusia
0%
Zuñiga
0%
No se encontraron pruebas coincidentes
Distribución de puntuación
Porcentaje de gente con cada puntuación
Porcentaje por número respondido
Historial de tus puntuaciones
No has intentado esta prueba desde el último reinicio